Introduction to Hilbert Space /

Sparad:
Bibliografiska uppgifter
Huvudupphovsman: Berberian, Sterling K.
Materialtyp: Sách giấy
Språk:English
Publicerad: New York : Oxford University , 1961
Taggar: Lägg till en tagg
Inga taggar, Lägg till första taggen!
Thư viện lưu trữ: Thư viện Trường Đại học Đà Lạt
LEADER 00582nam a2200241 4500
001 DLU020011518
005 ##1/14/2000
041 # # |a eng 
082 # # |a 515.733  |b BE-S 
090 # # |a 515.733  |b BE-S 
100 # # |a Berberian, Sterling K. 
245 # # |a Introduction to Hilbert Space /  |c Berberian Sterling K. 
260 # # |a New York :  |b Oxford University ,  |c 1961 
300 # # |a X, 206 tr.;   |c 22 cm. 
992 # # |a 4000 
994 # # |a DLU 
900 # # |a False 
911 # # |a Administrator 
925 # # |a G 
926 # # |a A 
927 # # |a SH 
980 # # |a Thư viện Trường Đại học Đà Lạt